Financial accounting and equity markets (Record no. 12620)

MARC details
000 -LEADER
fixed length control field 01356cam a2200349Ia 4500
001 - CONTROL NUMBER
control field 9780203067024
003 - CONTROL NUMBER IDENTIFIER
control field BD-DhSAU
005 - DATE AND TIME OF LATEST TRANSACTION
control field 20151012151720.0
006 - FIXED-LENGTH DATA ELEMENTS--ADDITIONAL MATERIAL CHARACTERISTICS
fixed length control field a|||||s|||||||||||
007 - PHYSICAL DESCRIPTION FIXED FIELD--GENERAL INFORMATION
fixed length control field cr||||
008 - FIXED-LENGTH DATA ELEMENTS--GENERAL INFORMATION
fixed length control field 130213s2013 nyuad sb 001 0deng d
020 ## - INTERNATIONAL STANDARD BOOK NUMBER
International Standard Book Number 9780203067024 (e-book : PDF)
040 ## - CATALOGING SOURCE
Original cataloging agency BD-DhSAU
Transcribing agency BD-DhSAU
090 ## - LOCALLY ASSIGNED LC-TYPE CALL NUMBER (OCLC); LOCAL CALL NUMBER (OCLC)
Classification number (OCLC) (R) ; Classification number, CALL (RLIN) (NR) HG173
Local cutter number (OCLC) ; Book number/undivided call number, CALL (RLIN) .B766 2013
092 ## - LOCALLY ASSIGNED DEWEY CALL NUMBER (OCLC)
Classification number 657
Item number B879
100 1# - MAIN ENTRY--PERSONAL NAME
Personal name Brown, Philip
Fuller form of name (Philip Ronald),
Dates associated with a name 1940-
245 10 - TITLE STATEMENT
Title Financial accounting and equity markets
Medium [electronic resource] :
Remainder of title the selected essays of Philip Brown /
Statement of responsibility, etc. Philip Brown.
260 ## - PUBLICATION, DISTRIBUTION, ETC. (IMPRINT)
Place of publication, distribution, etc. New York :
Name of publisher, distributor, etc. Routledge,
Date of publication, distribution, etc. 2013.
300 ## - PHYSICAL DESCRIPTION
Extent xviii, 424 p. :
Other physical details ill.
490 1# - SERIES STATEMENT
Series statement Routledge historical perspectives in accounting ;
Volume/sequential designation 4
504 ## - BIBLIOGRAPHY, ETC. NOTE
Bibliography, etc Includes bibliographical references and index.
505 0# - FORMATTED CONTENTS NOTE
Formatted contents note pt. 1. Returns and earnings -- pt. 2. Miscellaneous issues -- pt. 3. Standard-setting and regulation -- pt. 4. In theory.
530 ## - ADDITIONAL PHYSICAL FORM AVAILABLE NOTE
Additional physical form available note Also available in print edition.
538 ## - SYSTEM DETAILS NOTE
System details note Mode of access: World Wide Web.
650 #0 - SUBJECT ADDED ENTRY--TOPICAL TERM
Topical term or geographic name as entry element Finance.
650 #0 - SUBJECT ADDED ENTRY--TOPICAL TERM
Topical term or geographic name as entry element Accounting.
600 10 - SUBJECT ADDED ENTRY--PERSONAL NAME
Personal name Brown, Philip
Fuller form of name (Philip Ronald),
Dates associated with a name 1940-
655 #7 - INDEX TERM--GENRE/FORM
Genre/form data or focus term Electronic books.
Source of term lcsh
776 1# - ADDITIONAL PHYSICAL FORM ENTRY
International Standard Book Number 9780415814614 (hardback)
830 #0 - SERIES ADDED ENTRY--UNIFORM TITLE
Uniform title Routledge historical perspectives in accounting ;
Volume number/sequential designation 4.
856 40 - ELECTRONIC LOCATION AND ACCESS
Uniform Resource Identifier <a href="http://www.tandfebooks.com/isbn/9780203067024">http://www.tandfebooks.com/isbn/9780203067024</a>

No items available.